000 00489nam a2200169Ia 4500
008 110201s9999 xx 000 0 und d
082 _bB3875
_aK 1641
100 _aनाईक गुरुनाथ
245 _aसुंदरी
260 _bपुजा प्रकाशन
365 _b10
600 _aनाईक गुरुनाथ
630 _aसुंदरी
700 _aनाईक गुरुनाथ
730 _aसुंदरी
942 _cBOOK
999 _c830417
_d830414